Дело об увольнении архитектора Карина с награждением чина

Доступно только в Электронных читальных залах Найти на картеНа карте
RUSMARC
00004252nmc2a22002653x 450
0015d76dff8-3f6a-4219-a179-7b190cdc5779
00520240126101915.0
100##$a20230928l17701776k l0rusy0189 ca
1010#$arus
102##$aRU
105##$ae###
1222#$ad
2001#$aДело об увольнении архитектора Карина с награждением чина
$j18 сентября 1770 г. - 4 июля 1776 г.
215##$a55 л.
$cплан.
$d36,5х26 см
251##$cДело
300##$aДело
300##$aОриг. заголовок дела: Дело по прошению архитектора Карина, которым просит о награждении его чином коллежского асессора, об увольнении его из ведомства Конторы и о прочем. 18 сентября 1770 г. - 4 июля 1776 г
371##$aДокумент не является опубликованным и широко распространяемым
461#0$1001625a9a7e-a890-4307-a7fe-826a2289a412
$12001
$aГоф-интендантская контора МИДв
$1251
$cФонд
$1852
$j470
462#0$1001847f1b65-a1c8-435f-ad63-a7f71cf87a8b
$12001
$aПо личному составу чиновников Гоф-интендантская конторы; о выдаче пособий и пенсий
$1251
$cОпись
$1852
$j4
$l84-518
5171#$aДело по прошению архитектора Карина, которым просит о награждении его чином коллежского асессора, об увольнении его из ведомства Конторы и о прочем. 18 сентября 1770 г. - 4 июля 1776 г
801#0$aRU
$bРГИА
$c20230928
$gRCR
801#1$aRU
$bГлавНИВЦ
$c20230928
$2rusmarc
801#2$aRU
$bПБ им. Б.Н. Ельцина
$c20240126
$gRCR
$2rusmarc
850##$aРГИА
852##$aРГИА
$eФедеральное казенное учреждение "Российский государственный исторический архив" (РГИА)
$j112
937##$hРГИА
$d12406151
$aASBIBLIO_SCAN
035##$aRusGRCC00066126
856##$uhttp://readingroom.main.prlib.ru/item.aspx?id_node=n190639333&mode=full
Формат отображения